00776nam a2200217 i 450000100060000000300090000600500170001500700030003200800410003510000260007624500980010226000380020030000220023849000280026065000350028870000400032383000360036385200210039999900170042095201210043749606ES-MaACL20250823021523.0t|030718s1969 fr ||||1| fre d1 aCoste, René.94114010aUne morale pour un monde en mutation / cRené Coste ; préface de Léopold Sedar Senghor. aGembloux : bJ. Duculot, c[1969] a216 p. ; c18 cm.1 aReponses chretiènnes? 7aMoral cristiana2embne91423711 aSenghor, Léopold Sédar.91054670 aReponses chretiènnes?9230102 aES-MaACLjE-5441 c49606d49606 00104070aATENEOMbATENEOMcDEPO2d2008-01-17eSCl0oE-5441p1052197r2023-02-23 00:00:00w2023-02-23yMONOGRAFIA